<?xml version="1.0" encoding="UTF-8"?>
<record
    xmlns:xsi="http://www.w3.org/2001/XMLSchema-instance"
    xsi:schemaLocation="http://www.loc.gov/MARC21/slim http://www.loc.gov/standards/marcxml/schema/MARC21slim.xsd"
    xmlns="http://www.loc.gov/MARC21/slim">

  <leader>00423nam a22001577a 4500</leader>
  <controlfield tag="003">SGT</controlfield>
  <datafield tag="020" ind1=" " ind2=" ">
    <subfield code="a">9789387839632</subfield>
  </datafield>
  <datafield tag="082" ind1=" " ind2=" ">
    <subfield code="a">382</subfield>
    <subfield code="b">KOU</subfield>
  </datafield>
  <datafield tag="100" ind1=" " ind2=" ">
    <subfield code="a">KOUL, AUTAR KRISHEN </subfield>
  </datafield>
  <datafield tag="245" ind1=" " ind2=" ">
    <subfield code="a">GUIDE TO THE WTO AND THE GATT</subfield>
    <subfield code="b">ECONOMICS LAW AND POLITICS</subfield>
  </datafield>
  <datafield tag="250" ind1=" " ind2=" ">
    <subfield code="a">7</subfield>
  </datafield>
  <datafield tag="260" ind1=" " ind2=" ">
    <subfield code="a">NEW DELHI</subfield>
    <subfield code="b">SATYAM LAW INTERNATIONAL</subfield>
    <subfield code="c">2020</subfield>
  </datafield>
  <datafield tag="300" ind1=" " ind2=" ">
    <subfield code="a">XXVIII ,680</subfield>
  </datafield>
  <datafield tag="653" ind1=" " ind2=" ">
    <subfield code="a">WTO , GATT , WORLD TRADE ORGANIZATION </subfield>
  </datafield>
  <datafield tag="942" ind1=" " ind2=" ">
    <subfield code="2">ddc</subfield>
    <subfield code="c">BK</subfield>
    <subfield code="0">9</subfield>
  </datafield>
  <datafield tag="952" ind1=" " ind2=" ">
    <subfield code="0">0</subfield>
    <subfield code="1">0</subfield>
    <subfield code="2">ddc</subfield>
    <subfield code="4">0</subfield>
    <subfield code="7">1</subfield>
    <subfield code="8">LAW</subfield>
    <subfield code="a">SSSL</subfield>
    <subfield code="b">SSSL</subfield>
    <subfield code="c">REF</subfield>
    <subfield code="d">2022-03-05</subfield>
    <subfield code="e">COMMERCIAL BOOK HOUSE</subfield>
    <subfield code="g">795.00</subfield>
    <subfield code="i">SGTU</subfield>
    <subfield code="o">382 KOU</subfield>
    <subfield code="p">FL2676</subfield>
    <subfield code="r">2022-03-05 00:00:00</subfield>
    <subfield code="w">2022-02-18</subfield>
    <subfield code="y">BK</subfield>
    <subfield code="k">IN/2808</subfield>
  </datafield>
  <datafield tag="952" ind1=" " ind2=" ">
    <subfield code="0">0</subfield>
    <subfield code="1">0</subfield>
    <subfield code="2">ddc</subfield>
    <subfield code="4">0</subfield>
    <subfield code="7">0</subfield>
    <subfield code="8">LAW</subfield>
    <subfield code="a">SSSL</subfield>
    <subfield code="b">SSSL</subfield>
    <subfield code="c">TXT</subfield>
    <subfield code="d">2022-03-05</subfield>
    <subfield code="e">COMMERCIAL BOOK HOUSE</subfield>
    <subfield code="g">795.00</subfield>
    <subfield code="i">SGTU</subfield>
    <subfield code="l">1</subfield>
    <subfield code="o">382 KOU</subfield>
    <subfield code="p">FL2677</subfield>
    <subfield code="r">2025-01-08 00:00:00</subfield>
    <subfield code="s">2025-01-08</subfield>
    <subfield code="w">2022-02-18</subfield>
    <subfield code="y">BK</subfield>
    <subfield code="k">IN/2808</subfield>
  </datafield>
  <datafield tag="952" ind1=" " ind2=" ">
    <subfield code="0">0</subfield>
    <subfield code="1">0</subfield>
    <subfield code="2">ddc</subfield>
    <subfield code="4">0</subfield>
    <subfield code="7">0</subfield>
    <subfield code="8">LAW</subfield>
    <subfield code="a">SSSL</subfield>
    <subfield code="b">SSSL</subfield>
    <subfield code="c">TXT</subfield>
    <subfield code="d">2022-03-05</subfield>
    <subfield code="e">COMMERCIAL BOOK HOUSE</subfield>
    <subfield code="g">795.00</subfield>
    <subfield code="i">SGTU</subfield>
    <subfield code="l">1</subfield>
    <subfield code="o">382 KOU</subfield>
    <subfield code="p">FL2678</subfield>
    <subfield code="r">2025-01-09 00:00:00</subfield>
    <subfield code="s">2025-01-04</subfield>
    <subfield code="w">2022-02-18</subfield>
    <subfield code="y">BK</subfield>
    <subfield code="k">IN/2808</subfield>
  </datafield>
  <datafield tag="952" ind1=" " ind2=" ">
    <subfield code="0">0</subfield>
    <subfield code="1">0</subfield>
    <subfield code="2">ddc</subfield>
    <subfield code="4">0</subfield>
    <subfield code="7">0</subfield>
    <subfield code="8">LAW</subfield>
    <subfield code="a">SSSL</subfield>
    <subfield code="b">SSSL</subfield>
    <subfield code="c">TXT</subfield>
    <subfield code="d">2022-03-05</subfield>
    <subfield code="e">COMMERCIAL BOOK HOUSE</subfield>
    <subfield code="g">795.00</subfield>
    <subfield code="i">SGTU</subfield>
    <subfield code="l">1</subfield>
    <subfield code="o">382 KOU</subfield>
    <subfield code="p">FL2679</subfield>
    <subfield code="r">2023-05-26 00:00:00</subfield>
    <subfield code="s">2023-02-16</subfield>
    <subfield code="w">2022-02-18</subfield>
    <subfield code="y">BK</subfield>
    <subfield code="k">IN/2808</subfield>
  </datafield>
  <datafield tag="952" ind1=" " ind2=" ">
    <subfield code="0">0</subfield>
    <subfield code="1">0</subfield>
    <subfield code="2">ddc</subfield>
    <subfield code="4">0</subfield>
    <subfield code="7">0</subfield>
    <subfield code="8">LAW</subfield>
    <subfield code="a">SSSL</subfield>
    <subfield code="b">SSSL</subfield>
    <subfield code="c">TXT</subfield>
    <subfield code="d">2022-03-05</subfield>
    <subfield code="e">COMMERCIAL BOOK HOUSE</subfield>
    <subfield code="g">795.00</subfield>
    <subfield code="i">SGTU</subfield>
    <subfield code="l">0</subfield>
    <subfield code="o">382 KOU</subfield>
    <subfield code="p">FL2680</subfield>
    <subfield code="r">2022-03-05 00:00:00</subfield>
    <subfield code="w">2022-02-18</subfield>
    <subfield code="y">BK</subfield>
    <subfield code="k">IN/2808</subfield>
  </datafield>
  <datafield tag="952" ind1=" " ind2=" ">
    <subfield code="0">0</subfield>
    <subfield code="1">0</subfield>
    <subfield code="2">ddc</subfield>
    <subfield code="4">0</subfield>
    <subfield code="7">0</subfield>
    <subfield code="8">LAW</subfield>
    <subfield code="a">SSSL</subfield>
    <subfield code="b">SSSL</subfield>
    <subfield code="c">TXT</subfield>
    <subfield code="d">2022-07-27</subfield>
    <subfield code="e">AHUJA BOOK COMPANY</subfield>
    <subfield code="g">795.00</subfield>
    <subfield code="i">SGTU</subfield>
    <subfield code="l">2</subfield>
    <subfield code="o">382 KOU</subfield>
    <subfield code="p">FL2838</subfield>
    <subfield code="r">2025-06-20 00:00:00</subfield>
    <subfield code="s">2024-11-30</subfield>
    <subfield code="w">2022-06-30</subfield>
    <subfield code="y">BK</subfield>
    <subfield code="k">14697</subfield>
  </datafield>
  <datafield tag="952" ind1=" " ind2=" ">
    <subfield code="0">0</subfield>
    <subfield code="1">0</subfield>
    <subfield code="2">ddc</subfield>
    <subfield code="4">0</subfield>
    <subfield code="7">0</subfield>
    <subfield code="8">LAW</subfield>
    <subfield code="a">SSSL</subfield>
    <subfield code="b">SSSL</subfield>
    <subfield code="c">TXT</subfield>
    <subfield code="d">2022-07-27</subfield>
    <subfield code="e">AHUJA BOOK COMPANY</subfield>
    <subfield code="g">795.00</subfield>
    <subfield code="i">SGTU</subfield>
    <subfield code="l">4</subfield>
    <subfield code="o">382 KOU</subfield>
    <subfield code="p">FL2839</subfield>
    <subfield code="r">2025-01-09 00:00:00</subfield>
    <subfield code="s">2025-01-04</subfield>
    <subfield code="w">2022-06-30</subfield>
    <subfield code="y">BK</subfield>
    <subfield code="k">14697</subfield>
  </datafield>
  <datafield tag="952" ind1=" " ind2=" ">
    <subfield code="0">0</subfield>
    <subfield code="1">0</subfield>
    <subfield code="2">ddc</subfield>
    <subfield code="4">0</subfield>
    <subfield code="7">0</subfield>
    <subfield code="8">LAW</subfield>
    <subfield code="a">SSSL</subfield>
    <subfield code="b">SSSL</subfield>
    <subfield code="c">TXT</subfield>
    <subfield code="d">2022-07-27</subfield>
    <subfield code="e">AHUJA BOOK COMPANY</subfield>
    <subfield code="g">795.00</subfield>
    <subfield code="i">SGTU</subfield>
    <subfield code="o">382 KOU</subfield>
    <subfield code="p">FL2840</subfield>
    <subfield code="r">2022-07-27 00:00:00</subfield>
    <subfield code="w">2022-06-30</subfield>
    <subfield code="y">BK</subfield>
    <subfield code="k">14697</subfield>
  </datafield>
  <datafield tag="999" ind1=" " ind2=" ">
    <subfield code="c">22430</subfield>
    <subfield code="d">22430</subfield>
  </datafield>
</record>
